|
|
|
|
| LEADER |
00000nab#a22000007a#4500 |
| 001 |
arbauad026750 |
| 003 |
AR-BaUAD |
| 005 |
20250711112213.0 |
| 008 |
970513|||||||||###||||||b###|0###a|spa|| |
| 040 |
|
|
|a AR-BaUAD
|c AR-BaUAD
|b spa
|
| 245 |
1 |
0 |
|a Markt
|
| 300 |
0 |
|
|b p. 88, 92 y 96: fot.
|
| 653 |
|
|
|a ALEMANIA
|
| 653 |
|
|
|a VAJILLA
|
| 653 |
|
|
|a ILUMINACION
|
| 653 |
|
|
|a ARTEFACTOS
|
| 653 |
|
|
|a LAMPARAS
|
| 653 |
|
|
|a EQUIPAMIENTO URBANO
|
| 653 |
|
|
|a FAROLES
|
| 653 |
|
|
|a PORTARRETRATOS
|
| 653 |
|
|
|a MUEBLES
|
| 653 |
|
|
|a SILLONES
|
| 653 |
|
|
|a MUEBLES TRANSFORMABLES
|
| 653 |
|
|
|a MESAS
|
| 653 |
|
|
|a COMPUTACION
|
| 653 |
|
|
|a CARTELES
|
| 653 |
|
|
|a STANDS
|
| 653 |
|
|
|a ESTRUCTURAS
|
| 653 |
|
|
|a DETALLES CONSTRUCTIVOS
|
| 653 |
|
|
|a DISEÑO INDUSTRIAL
|
| 653 |
|
|
|a ALUMBRADO PUBLICO
|
| 773 |
0 |
|
|t FORM
|g no. 156 [dic. 1996]
|
| 942 |
|
|
|c ARTI
|
| 952 |
|
|
|0 0
|1 0
|4 0
|7 0
|9 71669
|a AR-BAuAD
|b AR-BAuAD
|d 2025-07-11
|l 0
|p AAQA026750
|r 2025-07-11 11:22:13
|w 2025-07-11
|y ARTI
|
| 990 |
|
|
|a DI199
|b TD
|
| 998 |
|
|
|a AAQ
|b BIBUN76
|
| 999 |
|
|
|c 51342
|d 51342
|